00517nam a2200193 a 4500001001300000003000900013005001700022008004100039020002300080082001900103100001900122245004400141260004400185300000900229500003500238505001000273650002100283700001900304nice12345678IN_TiNIC20260116012319.0050524s1988 dela grp 000 0 eng  a8185135 c19500a323.30954bSUB aSubhash, Manju aRights of Religious Minorities in India aDelhibNational Book Organizationc1988 a297p aincludes index and biblioraphy2 aIndex aMinorities-India1 aSubhash, Manju